<?xml version="1.0" encoding="UTF-8"?>
<record
    xmlns:xsi="http://www.w3.org/2001/XMLSchema-instance"
    xsi:schemaLocation="http://www.loc.gov/MARC21/slim http://www.loc.gov/standards/marcxml/schema/MARC21slim.xsd"
    xmlns="http://www.loc.gov/MARC21/slim">

  <leader>01204cam a22002771  4500</leader>
  <controlfield tag="001">e  42000172 </controlfield>
  <controlfield tag="003">DLC</controlfield>
  <controlfield tag="005">20260227111230.0</controlfield>
  <controlfield tag="008">840817s1941    kyu           000 0 eng c</controlfield>
  <datafield tag="010" ind1=" " ind2=" ">
    <subfield code="a">e  42000172 </subfield>
  </datafield>
  <datafield tag="035" ind1=" " ind2=" ">
    <subfield code="a">(OCoLC)11066263</subfield>
  </datafield>
  <datafield tag="040" ind1=" " ind2=" ">
    <subfield code="a">U.S. Off. of educ. Library</subfield>
    <subfield code="c">DNIE</subfield>
    <subfield code="d">DLC</subfield>
  </datafield>
  <datafield tag="042" ind1=" " ind2=" ">
    <subfield code="a">premarc</subfield>
  </datafield>
  <datafield tag="043" ind1=" " ind2=" ">
    <subfield code="a">n-us-ky</subfield>
  </datafield>
  <datafield tag="050" ind1="0" ind2="0">
    <subfield code="a">L152</subfield>
    <subfield code="b">.B35 vol. 9. no. 12.</subfield>
  </datafield>
  <datafield tag="111" ind1="2" ind2=" ">
    <subfield code="a">Teacher Education Conference</subfield>
    <subfield code="n">(2nd :</subfield>
    <subfield code="d">1941 :</subfield>
    <subfield code="c">Kentucky State Teachers College, Bowling Green)</subfield>
  </datafield>
  <datafield tag="245" ind1="1" ind2="4">
    <subfield code="a">The general education of teachers;</subfield>
    <subfield code="b">a report of the Teacher education conference held at Western Kentucky state teachers college, Bowling Green, September 8-12, 1941.</subfield>
    <subfield code="c">Published by order of the State board of education, John W. Brooker, superintendent of public instruction.</subfield>
  </datafield>
  <datafield tag="260" ind1=" " ind2=" ">
    <subfield code="a">[Frankfort, Ky.,</subfield>
    <subfield code="c">1942]</subfield>
  </datafield>
  <datafield tag="300" ind1=" " ind2=" ">
    <subfield code="a">1019-1078 p.</subfield>
    <subfield code="c">23 cm.</subfield>
  </datafield>
  <datafield tag="490" ind1="0" ind2=" ">
    <subfield code="a">[Kentucky. Dept. of education] Educational bulletin ...</subfield>
    <subfield code="v">vol. IX, no. 12</subfield>
  </datafield>
  <datafield tag="500" ind1=" " ind2=" ">
    <subfield code="a">Cover-title.</subfield>
  </datafield>
  <datafield tag="500" ind1=" " ind2=" ">
    <subfield code="a">At head of title: Commonwealth of Kentucky.</subfield>
  </datafield>
  <datafield tag="500" ind1=" " ind2=" ">
    <subfield code="a">"Second annual conference on teacher education."--Foreword.</subfield>
  </datafield>
  <datafield tag="650" ind1=" " ind2="0">
    <subfield code="a">Teachers</subfield>
    <subfield code="x">Training of</subfield>
    <subfield code="z">Kentucky.</subfield>
  </datafield>
  <datafield tag="650" ind1=" " ind2="0">
    <subfield code="a">Education</subfield>
    <subfield code="v">Congresses.</subfield>
  </datafield>
  <datafield tag="999" ind1=" " ind2=" ">
    <subfield code="c">21864</subfield>
    <subfield code="d">21864</subfield>
  </datafield>
</record>
